| 000 | 00718nam a22001817a 4500 | ||
|---|---|---|---|
| 003 | JO-AjAnu | ||
| 005 | 20240709103913.0 | ||
| 008 | 240708b jo ||||| |||| 00| 0 ara d | ||
| 040 |
_aJO-AjAnu _cJO-AjAnu |
||
| 041 | 0 | _hENG | |
| 100 |
_aAlghragher, Saja Mousa _eprepared _966106 |
||
| 245 | 1 | 0 |
_aBoundary Value Problems of Nonlinear Fractional Differential Equations / _cpreaperd Saja Mousa Alghragher - Supervisor Hamzeh Taha Alkasasbeh |
| 300 | _a93 paper | ||
| 500 | _aUniversity thesis (Master’s thesis in mathematics), Ajloun National University (Ajloun, Jordan), College of Science, 2024 | ||
| 650 | _vNanlinear Fractional | ||
| 700 |
_aAlkasasbeh, Hamzeh Taha _eSupervisor _966037 |
||
| 942 |
_2lcc _cTHS _n0 |
||
| 999 |
_c33604 _d33604 |
||